000 00726nam a2200253Ia 4500
003 OSt
005 20220925224940.0
006 a|||||r|||| 00| 0
007 ta
008 220923b |||||||| |||| 00| 0 eng d
020 _a0415075920
037 _cGeneral Book
040 _aRTL
_cRTL
_beng
041 _2eng
_aeng
082 _aU.58.N9, N2
100 _aLewis Robert A Ed.
_9291748
245 0 _aGeographic perspectives on Soviet Central Asia
260 _aLondon
_bRoutledge U K
_c1992
300 _axv,323p.
_ccm.
500 _aStudies of the Harriman Institute
650 _aGeography - Europe
_9231495
942 _hU.58.N9, N2
_cGB
_2CC
999 _c582650
_d582650